00432 2200157 4500245009500000020002200095250001100117100001500128650002800143005001900171260002700190041001400217084001100231300002300242336000900265 aKamus Lengkap 100 Milliard ( Inggris - Indonesia - Indonesia - Inggris )cDesy AnwarhText a978-979-1427-11-5 aCet. 1 aDesy Anwar aKamus Inggris Indonesia a20230607111022 aSurabayabAmeliac2015 aIndonesia a413.21 a704 hlm. :c21 cm. atext